| 000 | 00403nam a22001577a 4500 | ||
|---|---|---|---|
| 005 | 20240610061444.0 | ||
| 008 | 240610b |||||||| |||| 00| 0 eng d | ||
| 082 |
_222 _a323.4 _bTHE |
||
| 245 | _aThe Value of Dissent | ||
| 260 |
_aColombo _bThe Civil Rights Movement of Sri Lanka _c1992 |
||
| 300 | _av, 20 p ., (C 2) | ||
| 650 | _aCivil Rights | ||
| 650 | _aEconomic | ||
| 650 | _aCultural | ||
| 942 | _cL | ||
| 999 |
_c5885 _d5885 |
||